Entry Personal Name
Number of records used in: 1
001 - CONTROL NUMBER
003 - CONTROL NUMBER IDENTIFIER
005 - DATE AND TIME OF LATEST TRANSACTION
- control field:
20200125110905.0
008 - FIXED-LENGTH DATA ELEMENTS
- fixed length control field:
800826n| adannaabn |n aaa
010 ## - LIBRARY OF CONGRESS CONTROL NUMBER
- LC control number:
n 80082306
035 ## - SYSTEM CONTROL NUMBER
- System control number:
(OCoLC)oca00463568
040 ## - CATALOGING SOURCE
- Original cataloging agency:
DLC
- Language of cataloging:
eng
- Transcribing agency:
DLC
- Modifying agency:
DLC
- Modifying agency:
IEN
046 ## - SPECIAL CODED DATES
100 1# - HEADING--PERSONAL NAME
- Personal name:
Olson, Margrethe H.
670 ## - SOURCE DATA FOUND
- Source citation:
Davis, G. B. Elementary structured COBOL, 1977
670 ## - SOURCE DATA FOUND
- Source citation:
Info. converted from 678, 2012-10-02
- Information found:
(b. 1949; asst. prof., N.Y. Univ. Grad. Sch. of Business Admin.)